Datum a čas kvízu

24.5 Celkem bodů Celkový počet nahraných bodů na tomto kvízu bez doplňovacích otázek.
8. Pořadí na kvízu Konečné umístění týmu na tomto kvízu.

Zaznamenané odpovědi

# Otázka Odpověď Body Výsledky
1. Státní maturity začaly minulou... 0
2. Jednotvárný zvuk od silnice ob... 0
3. Česká televize v loňském roce... 1
4. Evropská unie vydala ve středu... 0
5. Minulý týden se začala prodáva... 0
6. Vzpomeňme v tomto tématu na zř... 0
7. Vyberte pravdivé tvrzení o For... 0
8. Ze kterého Formanova filmu je... 1
9. „Ježíši Kriste, přechytračil j... 1
10. V roce 1979 natočil Miloš Form... 0.5